Tibetská kniha o životě a smrti /

Hlavní autor: Sogjal, rinpočhe
Další autoři: Gaffney, Patrick, 1949-, Harvey, Andrew, 1952-, Zbavitel, Dušan, 1925-2012
Jazyk: Čeština
Vydáno: Praha : Argo, 2020
Vydání: Vydání páté, v Argu čtvrté
Témata:
Fyzický popis: 482 stran : ilustrace, portréty ; 20 cm
Knihy
Uloženo v:
LEADER 02730cam a2200745 i 4500
001 nkc20203240748
003 CZ PrNK
005 20210202082907.0
007 ta
008 200720s2020 xr ac e 000 0 cze d
015 |a cnb003240748 
020 |a 978-80-257-3186-4  |q (brožováno) 
035 |a (OCoLC)1240909167 
040 |a OSA001  |b cze  |d BOA001  |e rda 
041 1 |a cze  |h eng 
072 7 |a 22/24  |x Náboženství Dálného východu. Indická náboženství. Hinduismus. Buddhismus  |2 Konspekt  |9 5 
080 |a 24-186  |2 MRF 
080 |a 2-186  |2 MRF 
080 |a 24-187.55-188.6  |2 MRF 
080 |a 24-187  |2 MRF 
080 |a 24-187.5  |2 MRF 
080 |a 17.02  |2 MRF 
080 |a 24-1/-9  |2 MRF 
080 |a 243.4  |2 MRF 
080 |a (049)  |2 MRF 
100 0 |a Sogjal,  |c rinpočhe  |7 ola2003192372  |4 aut 
240 1 0 |a Tibetan book of living and dying.  |l Česky  |7 aun2017961626 
245 1 0 |a Tibetská kniha o životě a smrti /  |c [Sogjal Rinpočhe] ; připravili Patrick Gaffney a Andrew Harvey ; přeložil Dušan Zbavitel 
250 |a Vydání páté, v Argu čtvrté 
264 1 |a Praha :  |b Argo,  |c 2020 
300 |a 482 stran :  |b ilustrace, portréty ;  |c 20 cm 
336 |a text  |b txt  |2 rdacontent 
337 |a bez média  |b n  |2 rdamedia 
338 |a svazek  |b nc  |2 rdacarrier 
500 |a "Jubilejní vydání k 20. výročí" 
500 |a Přeloženo z angličtiny 
504 |a Obsahuje bibliografii a bibliografické odkazy 
650 0 7 |a smrt  |7 ph116193  |2 czenas 
650 0 7 |a umírání  |7 ph126927  |2 czenas 
650 0 7 |a bardo  |7 ph336001  |2 czenas 
650 0 7 |a posmrtný život  |7 ph115824  |2 czenas 
650 0 7 |a reinkarnace  |7 ph116033  |2 czenas 
650 0 7 |a smysl života  |7 ph125718  |2 czenas 
650 0 7 |a učení buddhismu  |7 ph162902  |2 czenas 
650 0 7 |a tibetský buddhismus  |7 ph116452  |2 czenas 
650 0 9 |a death  |2 eczenas 
650 0 9 |a dying  |2 eczenas 
650 0 9 |a intermediate state  |2 eczenas 
650 0 9 |a life after death  |2 eczenas 
650 0 9 |a reincarnation  |2 eczenas 
650 0 9 |a sense of life  |2 eczenas 
650 0 9 |a Buddhist doctrine  |2 eczenas 
650 0 9 |a Tibetan Buddhism  |2 eczenas 
655 7 |a pojednání  |7 fd133056  |2 czenas 
655 9 |a essays  |2 eczenas 
700 1 |a Gaffney, Patrick,  |d 1949-  |7 pna2005301590  |4 edt 
700 1 |a Harvey, Andrew,  |d 1952-  |7 xx0031633  |4 edt 
700 1 |a Zbavitel, Dušan,  |d 1925-2012  |7 jk01152285  |4 trl 
910 2 |a BOA001  |b 2-1453.300 
920 |a 006456423  |z OSA001 
990 |a BK 
995 |a 01 
991 |b 202009  |c NOV 
996 6 |b 2610836886  |c 2-1453.300  |l MZK  |r Sklad / do 1 hodiny  |n 0  |p p.v.  |w 001823179  |u 000010  |a 1  |e BOA001  |j MZK50  |s P 
996 7 |b 2610842381  |c 2-1453.300  |l MZK  |r Sklad / do 1 hodiny  |n 13  |p kup  |w 001823179  |u 000020  |a 1  |e BOA001  |j MZK50  |s A